Las sanciones en el régimen de faltas municipales de la Provincia de Buenos Aires (Registro nro. 24314)

Detalles MARC
000 -LEADER
fixed length control field 00360 a2200109 4500
001 - CONTROL NUMBER
control field ART_51509
005 - DATE AND TIME OF LATEST TRANSACTION
control field 20260410161843.0
008 - FIXED-LENGTH DATA ELEMENTS--GENERAL INFORMATION
fixed length control field 260409a
100 1# - MAIN ENTRY--PERSONAL NAME
Personal name Tulia, Mauro A.
245 10 - TITLE STATEMENT
Title Las sanciones en el régimen de faltas municipales de la Provincia de Buenos Aires
773 0# - HOST ITEM ENTRY
Title RAP
Related parts - Año 42, N° 502/503 (jul./ago. 2020)
Record control number REV5941

No hay ítems disponibles.